| Tag |
First Indicator |
Second Indicator |
Subfields |
| LEADER |
00000cam a2200000 4500 |
| 001 |
in00000068885 |
| 005 |
20151008050847.0 |
| 008 |
750922s1930 paua b 00100 eng |
| 010 |
|
|
|a 30030701
|
| 035 |
|
|
|a (OCoLC)01647584
|
| 035 |
|
|
|9 AAG3868AM
|
| 040 |
|
|
|a DLC
|c RBN
|d MQM
|d TXA
|d UtOrBLW
|
| 049 |
|
|
|a TXAM
|c [63685]
|
| 050 |
0 |
0 |
|a RA1051
|b .W4
|
| 082 |
0 |
|
|a 340.6
|
| 100 |
1 |
|
|a Webster, Ralph W.
|q (Ralph Waldo),
|d 1873-1930.
|
| 245 |
1 |
0 |
|a Legal medicine and toxicology /
|c by Ralph W. Webster ...
|
| 264 |
|
1 |
|a Philadelphia :
|b W. B. Saunders,
|c [1930]
|
| 300 |
|
|
|a 862 pages :
|b illustrations ;
|c 25 cm.
|
| 336 |
|
|
|a text
|b txt
|2 rdacontent
|
| 337 |
|
|
|a unmediated
|b n
|2 rdamedia
|
| 338 |
|
|
|a volume
|b nc
|2 rdacarrier
|
| 504 |
|
|
|a Bibliographical footnotes.
|
| 650 |
|
0 |
|a Medical jurisprudence.
|
| 650 |
|
0 |
|a Toxicology.
|
| 999 |
|
|
|a MARS
|
| 999 |
f |
f |
|s 4e5d1a16-17f6-3ff5-8fac-d10c92f1a573
|i d7251592-2c40-3e80-9d53-7194ee584d90
|t 0
|
| 952 |
f |
f |
|p ric
|a Texas A&M University
|b Rellis Campus
|c Joint Library Facility
|d Remote Storage
|t 0
|e RA1051 .W4
|h Library of Congress classification
|i unmediated -- volume
|m A14800780437
|
| 998 |
f |
f |
|a RA1051 .W4
|t 0
|l Remote Storage
|